000
00247nam a22001217a 4500
041
_a
ENG
100
_a
Rao.D.B
245
_a
Energy Security
260
_a
Delhi
_b
Discovery Pub
_c
2001
300
_a
550
650
_a
EOES
856
_u
EOES ( 12 )
999
_c
1232
_d
1232